| 000 -LEADER |
| fixed length control field |
01546 a2200301 4500 |
| 003 - CONTROL NUMBER IDENTIFIER |
| control field |
Nust |
| 005 - DATE AND TIME OF LATEST TRANSACTION |
| control field |
20221213093256.0 |
| 010 ## - LIBRARY OF CONGRESS CONTROL NUMBER |
| LC control number |
2006046376 |
| 020 ## - INTERNATIONAL STANDARD BOOK NUMBER |
| International Standard Book Number |
0195300483 |
| 020 ## - INTERNATIONAL STANDARD BOOK NUMBER |
| International Standard Book Number |
9780195300482 |
| 020 ## - INTERNATIONAL STANDARD BOOK NUMBER |
| International Standard Book Number |
9780195300482 |
| 035 ## - SYSTEM CONTROL NUMBER |
| System control number |
(OCoLC)69680164 |
| 035 ## - SYSTEM CONTROL NUMBER |
| System control number |
(OCoLC)ocm69680164 |
| 040 ## - CATALOGING SOURCE |
| Transcribing agency |
Nust |
| 082 00 - DEWEY DECIMAL CLASSIFICATION NUMBER |
| Classification number |
530.141, SAD |
| 100 1# - MAIN ENTRY--PERSONAL NAME |
| Personal name |
Sadiku, Matthew N. O. |
| 245 10 - TITLE STATEMENT |
| Title |
Elements of electromagnetics / |
| Statement of responsibility, etc. |
Matthew N.O. Sadiku. |
| 250 ## - EDITION STATEMENT |
| Edition statement |
2nd ed. |
| 260 ## - PUBLICATION, DISTRIBUTION, ETC. |
| Place of publication, distribution, etc. |
New York : |
| Name of publisher, distributor, etc. |
Oxford University Press, |
| Date of publication, distribution, etc. |
2007. |
| 300 ## - PHYSICAL DESCRIPTION |
| Extent |
xvii, 818 p. : |
| Other physical details |
ill. ; |
| Dimensions |
25 cm. |
| 440 #0 - SERIES STATEMENT/ADDED ENTRY--TITLE |
| Title |
Oxford series in electrical and computer engineering |
| 9 (RLIN) |
93818 |
| 505 ## - FORMATTED CONTENTS NOTE |
| Formatted contents note |
Vector Algebra (Page-3), Coordinate Systems And Transformations (Page-31), Vector Calculus (Page-58), Electrostatic Fields (Page-113), Electric Fields In Material Space (Page-184), Electrostatic Boundary-Value Problems (Page-223), Magnetostatic Fields (Page-289), Magnetic Forces, Materials, And Devices (Page-336), Maxwell's Equations (Page-409), Electromagnetic Wave Propagation (Page-453),Transmission Lines (Page-518), Waveguides (Page-593), Antennas (Page-643), Numerical Methods (Page-696). |
| 650 #0 - SUBJECT ADDED ENTRY--TOPICAL TERM |
| Topical term or geographic name entry element |
Electromagnetism. |
| 856 42 - ELECTRONIC LOCATION AND ACCESS |
| Materials specified |
Contributor biographical information |
| Uniform Resource Identifier |
<a href="http://www.loc.gov/catdir/enhancements/fy0725/2006046376-b.html">http://www.loc.gov/catdir/enhancements/fy0725/2006046376-b.html</a> |
| 856 42 - ELECTRONIC LOCATION AND ACCESS |
| Materials specified |
Publisher description |
| Uniform Resource Identifier |
<a href="http://www.loc.gov/catdir/enhancements/fy0725/2006046376-d.html">http://www.loc.gov/catdir/enhancements/fy0725/2006046376-d.html</a> |
| 856 42 - ELECTRONIC LOCATION AND ACCESS |
| Materials specified |
Table of contents only |
| Uniform Resource Identifier |
<a href="http://www.loc.gov/catdir/enhancements/fy0725/2006046376-t.html">http://www.loc.gov/catdir/enhancements/fy0725/2006046376-t.html</a> |
| 942 ## - ADDED ENTRY ELEMENTS (KOHA) |
| Source of classification or shelving scheme |
|
| Koha item type |
Book |